[Event "Budapest FS09 GM"]
[Site "Budapest"]
[Date "1993.??.??"]
[Round "3"]
[White "Dao Thien Hai"]
[Black "Rabiega, Robert"]
[Result "0-1"]
[WhiteElo "2565"]
[BlackElo "2455"]
[PlyCount "62"]
[EventDate "1993.09.??"]
[Source "ChessBase"]

1. d4 d5 2. c4 e6 3. Nc3 Nf6 4. cxd5 exd5 5. Bg5 c6 6. e3 Qb6 7. Qc1 Ne4 8. Bh4 Bf5 9. f3 Nxc3 10. bxc3 Bd6 11. Ne2 O-O 12. g4 Bd3 13. Bg3 c5 14. Qd2 Bxe2 15. Bxe2 cxd4 16. exd4 Nd7 17. Kf2 Qc7 18. Rhb1 Rfe8 19. Rb5 Nb6 20. a4 Re7 21. a5 Rae8 22. Bd3 Nc4 23. Qc2 Ne3 24. Qd2 Bf4 25. Rab1 Nxg4+ 26. fxg4 Re3 27. Qxe3 Bxe3+ 28. Kg2 Qxc3 29. Rd1 Bd2 30. Bf1 Qc2 31. Rdb1 Bb4+ 0-1

[Event "Beersheba"]
[Site "Beersheba"]
[Date "1993.??.??"]
[Round "6"]
[White "Gulko, Boris F"]
[Black "Mikhalevski, Victor"]
[Result "1-0"]
[WhiteElo "2635"]
[BlackElo "2380"]
[PlyCount "81"]
[EventDate "1993.10.??"]
[Source "ChessBase"]

1. d4 d5 2. c4 e6 3. Nc3 Nf6 4. cxd5 exd5 5. Bg5 Nbd7 6. e3 Be7 7. Bd3 O-O 8. Nge2 b6 9. Ng3 Bb7 10. Nf5 Re8 11. Nxe7+ Qxe7 12. O-O c5 13. Bb5 Red8 14. Qf3 Nf8 15. Bxf6 Qxf6 16. Qxf6 gxf6 17. dxc5 bxc5 18. Rfd1 Ne6 19. Ne2 Rab8 20. Bd3 Bc6 21. b3 a5 22. Bc2 a4 23. f3 Ra8 24. Ng3 d4 25. Nf5 Bb5 26. Be4 Rab8 27. Kf2 axb3 28. axb3 dxe3+ 29. Kxe3 Rxd1 30. Rxd1 c4 31. Rb1 cxb3 32. Rxb3 Nc7 33. Nd4 Rb6 34. Kf2 Kf8 35. Bd3 Rd6 36. Nxb5 Rxd3 37. Rxd3 Nxb5 38. Rd7 Na3 39. Rc7 Nb5 40. Rc6 Ke7 41. Rc5 1-0

[Event "It (open) \\"]
[Site "?"]
[Date "2005.06.24"]
[Round "7"]
[White "Yevseev Denis"]
[Black "Vitiugov Nikita"]
[Result "1/2-1/2"]
[WhiteElo "2530"]
[BlackElo "2482"]
[PlyCount "69"]
[EventDate "2005.??.??"]
[Source "www.chesslib.no"]
[SourceDate "2004.05.04"]

1. d4 d5 2. c4 e6 3. Nc3 Nf6 4. cxd5 exd5 5. Bg5 c6 6. e3 Be7 7. Bd3 O-O 8. Qc2 h6 9. Bf4 b6 10. Nge2 Na6 11. a3 Nc7 12. h3 Ne6 13. Be5 Bb7 14. O-O c5 15. dxc5 bxc5 16. Rfd1 Bd6 17. Bxf6 Qxf6 18. Nxd5 Bxd5 19. Bh7+ Kh8 20. Rxd5 Nc7 21. Rf5 Qe6 22. Nf4 Bxf4 23. exf4 Qb6 24. Rxc5 Ne6 25. Rc4 Nd4 26. Qd1 Rad8 27. Rb4 Qf6 28. Bd3 Rfe8 29. Qf1 a5 30. Rb7 Qxf4 31. Re1 Qd2 32. Rd1 Qf4 33. Re1 Qd2 34. Rd1 Qf4 35. Re1 1/2-1/2

[Event "ch68"]
[Site "Buenos Aires ARG"]
[Date "1994.??.??"]
[Round "7"]
[White "Ricardi, Pablo"]
[Black "Hoffman, Alejandro S"]
[Result "1-0"]
[WhiteElo "2470"]
[BlackElo "2540"]
[PlyCount "77"]
[EventDate "1994.??.??"]
[Source "www.chesslib.no"]
[SourceDate "2004.05.04"]

1. d4 d5 2. c4 e6 3. Nc3 Nf6 4. cxd5 exd5 5. Bg5 c6 6. e3 h6 7. Bh4 Be7 8. Bd3 Be6 9. Nge2 Nh5 10. Bxe7 Qxe7 11. Qb3 O-O 12. O-O b6 13. Rac1 Nd7 14. Qa4 b5 15. Qd1 Nb6 16. Re1 Rad8 17. Rc2 g6 18. Nb1 Bd7 19. Nd2 Nf6 20. Nb3 Rfe8 21. Ng3 h5 22. f3 h4 23. Nf1 Nh5 24. Ree2 Qf6 25. Na5 Ng7 26. Qc1 h3 27. Nxc6 hxg2 28. Kxg2 Bxc6 29. Rxc6 Ne6 30. Bxb5 Re7 31. Qe1 Nc4 32. Bxc4 dxc4 33. Rxc4 Rd5 34. Ng3 Kg7 35. Ne4 Qf5 36. Qg3 Re8 37. Qg4 Ra5 38. Qxf5 gxf5 39. Nd6 1-0

[Event "Berliner Sommer"]
[Site "Berlin GER"]
[Date "1994.??.??"]
[Round "?"]
[White "Boensch, Uwe"]
[Black "Rabiega, Robert"]
[Result "1/2-1/2"]
[WhiteElo "2535"]
[BlackElo "2475"]
[PlyCount "86"]
[EventDate "1994.08.??"]
[Source "www.chesslib.no"]
[SourceDate "2004.05.04"]

1. d4 d5 2. c4 e6 3. Nc3 Nf6 4. cxd5 exd5 5. Bg5 c6 6. e3 Qb6 7. Qd2 Ne4 8. Nxe4 dxe4 9. Ne2 Bb4 10. Nc3 Be6 11. a3 Qa5 12. Bh4 Nd7 13. Rc1 Bxc3 14. Qxc3 Qxc3+ 15. bxc3 b5 16. c4 a6 17. d5 cxd5 18. cxb5 axb5 19. Bxb5 O-O 20. O-O Nb6 21. Be7 Rfc8 22. Rxc8+ Rxc8 23. Rb1 Nc4 24. Ba6 Ra8 25. Rb5 h6 26. Bb7 Ra7 27. h3 Nxa3 28. Bxa3 Rxa3 29. Bxd5 Bxd5 30. Rxd5 Ra4 31. h4 g6 32. g4 Kf8 33. Re5 f6 34. Rb5 Ra7 35. Rb8+ Kf7 36. Rh8 Kg7 37. Re8 f5 38. g5 hxg5 39. hxg5 Kf7 40. Rb8 Ra2 41. Rb7+ Kf8 42. Kg2 Kg8 43. Kg3 Kf8 1/2-1/2

[Event "Bern"]
[Site "Bern"]
[Date "1989.??.??"]
[Round "?"]
[White "Cebalo, Miso"]
[Black "Campora, Daniel Hugo"]
[Result "1-0"]
[WhiteElo "2505"]
[BlackElo "2500"]
[PlyCount "87"]
[EventDate "1989.02.??"]
[Source "ChessBase"]

1. d4 d5 2. c4 e6 3. Nc3 Nf6 4. cxd5 exd5 5. Bg5 c6 6. e3 Bf5 7. Nge2 h6 8. Bxf6 Qxf6 9. Qb3 b5 10. Ng3 Bg6 11. a4 Na6 12. Nxd5 Qe6 13. axb5 Qxd5 14. Qxd5 cxd5 15. Rxa6 Bb4+ 16. Kd1 Rc8 17. Rxg6 fxg6 18. Bd3 O-O 19. Ke2 Rf6 20. Ra1 Rc7 21. Nf1 g5 22. h3 h5 23. f3 Re7 24. e4 dxe4 25. fxe4 Rd6 26. Bc4+ Kh7 27. Kd3 Bc5 28. Bd5 Bb6 29. Ne3 Rd8 30. Rc1 g6 31. Rc6 Rf8 32. Nc4 Bd8 33. e5 g4 34. hxg4 h4 35. Be4 Rg7 36. Rc8 Rgf7 37. e6 Rf1 38. d5 Rd1+ 39. Ke2 Rd4 40. Bf3 Be7 41. Rc7 Kh6 42. b3 Bb4 43. Rxa7 Rb8 44. b6 1-0

[Event "IX Open"]
[Site "Dubai EAU"]
[Date "2007.04.25"]
[Round "4"]
[White "Kotanjian, T."]
[Black "Handoko, E."]
[Result "1-0"]
[WhiteElo "2560"]
[BlackElo "2441"]
[PlyCount "43"]
[EventDate "2007.04.22"]
[Source "www.chesslib.no"]
[SourceDate "2004.05.04"]

1. d4 d5 2. c4 e6 3. Nc3 Nf6 4. cxd5 exd5 5. Bg5 Bb4 6. e3 O-O 7. Bd3 c6 8. Qc2 h6 9. Bh4 Nbd7 10. a3 Be7 11. Nge2 Re8 12. f3 Qa5 13. Bf2 c5 14. O-O c4 15. Bf5 Nf8 16. Bxc8 Raxc8 17. h3 Ng6 18. e4 Qd8 19. e5 Nh5 20. Qf5 Bg5 21. h4 Ne7 22. Qg4 1-0

[Event "Saint Petersburg RUS"]
[Site "?"]
[Date "2006.06.06"]
[Round "4"]
[White "Vitiugov Nikita"]
[Black "Orlov Vassily"]
[Result "1-0"]
[WhiteElo "2550"]
[BlackElo "2450"]
[PlyCount "67"]
[EventDate "2006.??.??"]
[Source "www.chesslib.no"]
[SourceDate "2004.05.04"]

1. d4 d5 2. c4 e6 3. Nc3 Nf6 4. cxd5 exd5 5. Bg5 Bb4 6. e3 c5 7. Rc1 Nbd7 8. dxc5 Qa5 9. Bd3 Qxa2 10. Nge2 Qa5 11. O-O O-O 12. Nb5 a6 13. Nbd4 Qd8 14. c6 Ne5 15. c7 Qd6 16. Nf5 Qb6 17. Bb1 Nc4 18. Nf4 Nd2 19. Bxf6 Qxf6 20. Nxd5 Qxb2 21. Nfe7+ Bxe7 22. Bxh7+ Kh8 23. Bc2 Qe5 24. Qxd2 a5 25. f4 Qd6 26. Qd3 f5 27. Bb3 a4 28. Ba2 Be6 29. e4 Rfc8 30. e5 Qa3 31. Qe2 Bc5+ 32. Kh1 Bd4 33. Qh5+ Kg8 34. Nf6+ 1-0

[Event "JUG-chT"]
[Site "Vrnjacka Banja"]
[Date "1999.??.??"]
[Round "4"]
[White "Sakaev, Konstantin"]
[Black "Rabrenovic, Vladan"]
[Result "1-0"]
[WhiteElo "2648"]
[BlackElo "2348"]
[PlyCount "89"]
[EventDate "1999.08.??"]
[Source "www.chesslib.no"]
[SourceDate "2004.05.04"]

1. d4 d5 2. c4 e6 3. Nc3 Nf6 4. cxd5 exd5 5. Bg5 Bb4 6. e3 c5 7. dxc5 Bxc3+ 8. bxc3 Nbd7 9. Qd4 Qa5 10. Nf3 Qxc5 11. Bxf6 gxf6 12. Rd1 Qxd4 13. Rxd4 Nb6 14. Bd3 Be6 15. Kd2 Rc8 16. Rb1 Ke7 17. Rh4 h6 18. Nd4 Bd7 19. Rb3 Rc7 20. Ra3 a6 21. g3 Be6 22. Rb3 Nd7 23. Rb4 Nc5 24. Rh5 b5 25. Bc2 Kd6 26. Nf5+ Bxf5 27. Rxf5 Ke6 28. Rbf4 Nd7 29. Bb3 Rc5 30. e4 Rhc8 31. Rxd5 Ke7 32. Rxc5 Nxc5 33. Rh4 Na4 34. c4 Nc5 35. cxb5 axb5 36. Bd5 Rh8 37. Kc3 b4+ 38. Kd4 Rc8 39. Rxh6 Ne6+ 40. Kd3 Rc3+ 41. Kd2 Rf3 42. Ke2 Nd4+ 43. Kf1 Ra3 44. Rh7 Ne6 45. h4 1-0

[Event "Moscow RUS"]
[Site "?"]
[Date "2005.02.21"]
[Round "7"]
[White "Kanep Meelis"]
[Black "Prokopchuk Evgeny"]
[Result "0-1"]
[WhiteElo "2476"]
[BlackElo "2520"]
[PlyCount "110"]
[EventDate "2005.??.??"]
[Source "www.chesslib.no"]
[SourceDate "2004.05.04"]

1. d4 d5 2. c4 e6 3. Nc3 Nf6 4. cxd5 exd5 5. Bg5 c6 6. e3 Bf5 7. Qf3 Bg6 8. Bxf6 Qxf6 9. Qxf6 gxf6 10. Nge2 Bd6 11. f3 Nd7 12. g3 O-O 13. Kf2 Rfe8 14. h4 h5 15. Nf4 Kg7 16. Bg2 Nb6 17. Rhe1 Re7 18. Re2 Rae8 19. e4 dxe4 20. fxe4 Kh6 21. a3 a6 22. Rd1 Nc4 23. Bf3 Bb8 24. Kg2 Ba7 25. a4 Rd8 26. b3 Na5 27. d5 Nxb3 28. Nxg6 fxg6 29. Rb2 Nd4 30. dxc6 Nxc6 31. Rxd8 Nxd8 32. Nd5 Rf7 33. g4 hxg4 34. Bxg4 Bd4 35. Rc2 Nc6 36. Bc8 Kh5 37. Kh3 Be5 38. Rc1 Nd4 39. Rb1 b5 40. a5 Rf8 41. Nb6 f5 42. exf5 Nxf5 43. Rf1 Bc7 44. Rc1 Bf4 45. Rf1 Ne3 46. Nd7 Rxc8 47. Rxf4 Nf5 48. Nf6+ Kh6 49. Nd5 Rc4 50. Kg4 Rc1 51. Nb4 Ra1 52. Nxa6 Rxa5 53. Nc5 Ra3 54. Rb4 Ne3+ 55. Kf3 Nc2+ 0-1

[Event "Leon"]
[Site "Leon"]
[Date "1990.??.??"]
[Round "1"]
[White "Bass, Leonid"]
[Black "Granda Zuniga, Julio E"]
[Result "0-1"]
[WhiteElo "2485"]
[BlackElo "2510"]
[PlyCount "76"]
[EventDate "1990.06.??"]
[Source "ChessBase"]

1. d4 d5 2. c4 e6 3. Nc3 Nf6 4. cxd5 exd5 5. Bg5 Nbd7 6. e3 Bb4 7. Bd3 c5 8. Nge2 c4 9. Bc2 Qa5 10. O-O O-O 11. Bh4 Re8 12. a3 Bxc3 13. bxc3 Ne4 14. Qe1 Nf8 15. f3 Nd6 16. Bf2 Bf5 17. Qb1 Bg6 18. a4 Nd7 19. Re1 Rac8 20. Bxg6 hxg6 21. Qc2 Re7 22. Ng3 f5 23. Ne2 Rce8 24. Rab1 Nf6 25. Nf4 Kf7 26. Nh3 Qa6 27. Bg3 Kg8 28. Bf4 Nf7 29. Rb5 Qc6 30. Reb1 Nh7 31. Rc5 Qe6 32. e4 fxe4 33. fxe4 dxe4 34. Qe2 e3 35. Rxc4 g5 36. Bg3 Nf6 37. Re1 Ne4 38. Qxe3 Qxc4 0-1

[Event "Petrov mem"]
[Site "St Petersburg"]
[Date "1996.??.??"]
[Round "4"]
[White "Volkov, Sergey"]
[Black "Burmakin, Vladimir"]
[Result "1/2-1/2"]
[WhiteElo "2460"]
[BlackElo "2535"]
[PlyCount "107"]
[EventDate "1996.02.??"]
[Source "ChessBase"]

1. d4 d5 2. c4 e6 3. Nc3 Nf6 4. cxd5 exd5 5. Bg5 Be7 6. e3 h6 7. Bf4 O-O 8. Bd3 b6 9. Rc1 c5 10. Nge2 Bb7 11. O-O Nc6 12. Bb1 cxd4 13. exd4 Bd6 14. Qd2 Re8 15. Bxd6 Qxd6 16. Ng3 Rad8 17. f3 Ba6 18. Rfd1 Ne7 19. Re1 Ng6 20. Nf5 Qb8 21. g3 Rxe1+ 22. Rxe1 Re8 23. Bc2 Qd8 24. Kf2 Ne7 25. Nxh6+ gxh6 26. Qxh6 Ng6 27. Bxg6 Rxe1 28. Kxe1 Qe7+ 29. Kf2 fxg6 30. Qxg6+ Qg7 31. Qxg7+ Kxg7 32. Ke3 Kf7 33. g4 Ke6 34. h4 Bf1 35. h5 b5 36. b4 Bc4 37. a3 Nh7 38. f4 Kf6 39. Nb1 Bb3 40. Ke2 Nf8 41. Nd2 Bc2 42. Nf3 Nd7 43. Ne5 Nb6 44. f5 Kg5 45. Kf3 Bd1+ 46. Kg3 Nc4 47. h6 Kxh6 48. Kf4 Kg7 49. g5 Bc2 50. Nc6 a6 51. Nb8 a5 52. bxa5 Nxa5 53. Ke5 Nc4+ 54. Ke6 1/2-1/2

[Event "Czerniak mem"]
[Site "Tel Aviv"]
[Date "1996.??.??"]
[Round "9"]
[White "Gofshtein, Leonid D"]
[Black "Zifroni, Dov"]
[Result "0-1"]
[WhiteElo "2540"]
[BlackElo "2455"]
[PlyCount "56"]
[EventDate "1996.??.??"]
[Source "ChessBase"]

1. d4 d5 2. c4 e6 3. Nc3 Nf6 4. cxd5 exd5 5. Bg5 c6 6. e3 h6 7. Bh4 Be7 8. Qc2 O-O 9. Bd3 Re8 10. Nf3 Nbd7 11. h3 Ne4 12. Bxe4 Bxh4 13. Bd3 Rxe3+ 14. Kf1 Re8 15. Ne2 Bf6 16. g4 Nf8 17. Rd1 Bd7 18. b4 a5 19. Rb1 axb4 20. Rxb4 b6 21. Qb1 Ra3 22. Rb3 Qa8 23. Rxb6 Rxa2 24. Qd1 Qa7 25. Rb1 Ne6 26. h4 g6 27. Bc2 Bc8 28. Bd3 Nxd4 0-1

[Event "Bundesliga 8990"]
[Site "Germany"]
[Date "1990.??.??"]
[Round "?"]
[White "Mohr, Stefan"]
[Black "Pfleger, Helmut"]
[Result "1-0"]
[WhiteElo "2485"]
[BlackElo "2505"]
[PlyCount "137"]
[EventDate "1989.10.??"]
[Source "ChessBase"]
[SourceDate "1999.07.01"]

1. d4 d5 2. c4 e6 3. Nc3 Nf6 4. cxd5 exd5 5. Bg5 Be7 6. e3 c6 7. Bd3 Bg4 8. Nge2 Nbd7 9. Qc2 Bxe2 10. Bxe2 O-O 11. Bd3 Re8 12. h3 Nf8 13. O-O Bd6 14. Rae1 Be7 15. f3 Ng6 16. f4 Rc8 17. g4 Nd7 18. Bxe7 Qxe7 19. Qf2 Ngf8 20. f5 Qd6 21. e4 f6 22. Bc2 Kh8 23. Bb3 Nb6 24. Re2 Re7 25. Rfe1 Rce8 26. Kg2 dxe4 27. Rxe4 Rxe4 28. Rxe4 Rxe4 29. Nxe4 Qe7 30. Qf4 Nbd7 31. Kf2 h6 32. Nd6 Nb6 33. Nf7+ Kh7 34. Qe3 Qc7 35. Qg3 Qe7 36. Qe3 Qd7 37. Be6 Qc7 38. Qg3 Nxe6 39. fxe6 Qe7 40. Qd6 Nd5 41. Qxe7 Nxe7 42. Nd6 g6 43. Nxb7 f5 44. gxf5 gxf5 45. Kf3 Kg6 46. Nd8 Kf6 47. b4 h5 48. Kg3 Kg6 49. Kf4 Kf6 50. Kg3 Kg6 51. a3 Kf6 52. h4 Kg6 53. Kf4 Kf6 54. Ke3 Nd5+ 55. Kf3 Ne7 56. Kf4 Nd5+ 57. Kg3 Ne7 58. Kf3 Kg6 59. Ke3 Kf6 60. Kf3 Kg6 61. a4 Kg7 62. a5 a6 63. d5 Nxd5 64. Nxc6 Kf6 65. e7 Kf7 66. Ke2 Nc7 67. Ke3 Ke8 68. Kf4 Kd7 69. Nb8+ 1-0

[Event "BL2-O9899"]
[Site "Germany"]
[Date "1999.03.21"]
[Round "8.1"]
[White "Ioseliani, Nana"]
[Black "Ginsburg, Gennadij"]
[Result "1-0"]
[WhiteElo "2495"]
[BlackElo "2495"]
[PlyCount "66"]
[EventDate "1998.10.??"]
[Source "www.chesslib.no"]
[SourceDate "2004.05.04"]

1. d4 d5 2. c4 e6 3. Nc3 Nf6 4. cxd5 exd5 5. Bg5 Be7 6. e3 O-O 7. Bd3 Nbd7 8. Nge2 Re8 9. O-O Nf8 10. f3 Ne6 11. Bh4 c5 12. Rc1 cxd4 13. Nxd4 Nxd4 14. exd4 Nh5 15. Bxe7 Rxe7 16. Qd2 Be6 17. Rfe1 Qb6 18. Kh1 Nf6 19. Bc2 Rd8 20. Bb3 h6 21. g4 Qd6 22. g5 hxg5 23. Qxg5 Nh7 24. Qh4 Rde8 25. Bc2 Nf8 26. Re5 g6 27. Rg1 f5 28. Bxf5 Bxf5 29. f4 Qb4 30. Qf2 Rxe5 31. fxe5 Kg7 32. Qe2 Qe7 33. Qg2 Rd8 1-0

[Event "Julian Borowski 4th-B"]
[Site "Essen"]
[Date "2002.05.20"]
[Round "5"]
[White "Appel, Ralf"]
[Black "Feygin, Michail"]
[Result "1-0"]
[WhiteElo "2512"]
[BlackElo "2475"]
[PlyCount "79"]
[EventDate "2002.05.16"]
[Source "ChessBase"]
[SourceDate "2002.09.20"]

1. d4 d5 2. c4 e6 3. Nc3 Nf6 4. cxd5 exd5 5. Bg5 Be7 6. e3 O-O 7. Bd3 Nbd7 8. Rc1 c6 9. Nge2 Re8 10. O-O Nh5 11. Bxe7 Qxe7 12. Na4 Ndf6 13. Nc5 g6 14. b4 b6 15. Nb3 Bd7 16. a3 Ne4 17. Nd2 Nd6 18. a4 a5 19. bxa5 Rxa5 20. Nc3 Nf6 21. Nf3 b5 22. Nd2 Nc4 23. Nb3 Raa8 24. Nc5 Bg4 25. Qc2 Rab8 26. axb5 cxb5 27. Ra1 Be6 28. Rfb1 b4 29. Nxd5 Nxd5 30. Bxc4 Nc3 31. Rxb4 Rxb4 32. Bxe6 Reb8 33. Bb3 Nb5 34. g3 Kg7 35. Ra6 Nd6 36. Qa2 Nb5 37. Qa5 Nd6 38. Ra7 Qf6 39. Nd7 Qf3 40. Qe5+ 1-0

[Event "Dieren op"]
[Site "Dieren"]
[Date "1997.??.??"]
[Round "6"]
[White "Chuchelov, Vladimir"]
[Black "Meijers, Viesturs"]
[Result "0-1"]
[WhiteElo "2540"]
[BlackElo "2445"]
[PlyCount "82"]
[EventDate "1997.07.??"]
[Source "www.chesslib.no"]
[SourceDate "2004.05.04"]

1. d4 d5 2. c4 e6 3. Nc3 Nf6 4. cxd5 exd5 5. Bf4 Bd6 6. Bg3 O-O 7. e3 b6 8. Bd3 Bb7 9. Nge2 a6 10. Qc2 Nc6 11. a3 Ne7 12. O-O Re8 13. Rfd1 Bxg3 14. Nxg3 Nc8 15. Rac1 Nd6 16. Be2 g6 17. Bf3 Qd7 18. Nge2 Nde4 19. Nf4 Rac8 20. b4 Qf5 21. Qb3 g5 22. Nd3 Nxc3 23. Rxc3 g4 24. Be2 Ne4 25. Rc2 Re6 26. Nf4 Rh6 27. Rdc1 c6 28. Bd3 Qg5 29. Nxd5 Re8 30. Bxe4 Rxe4 31. Nf4 Qh4 32. d5 Qxh2+ 33. Kf1 Qxf4 34. dxc6 Bc8 35. Rd1 g3 36. Rd8+ Kg7 37. Qc3+ f6 38. Kg1 gxf2+ 39. Rxf2 Rh1+ 40. Kxh1 Qxf2 41. Rd4 Re5 0-1

[Event "Bundesliga 9697"]
[Site "Germany"]
[Date "1996.??.??"]
[Round "?.7"]
[White "Van Wely, Loek"]
[Black "Hedke, Fred"]
[Result "1-0"]
[WhiteElo "2605"]
[BlackElo "2380"]
[PlyCount "87"]
[EventDate "1996.10.??"]
[Source "ChessBase"]
[SourceDate "1999.07.01"]

1. d4 d5 2. c4 e6 3. Nc3 Nf6 4. cxd5 exd5 5. Bg5 Be7 6. e3 O-O 7. Bd3 h6 8. Bxf6 Bxf6 9. b4 c6 10. Nge2 a6 11. a4 b6 12. O-O g6 13. Qb3 Bb7 14. a5 b5 15. e4 dxe4 16. Nxe4 Bc8 17. Nc5 Kg7 18. Be4 Bg4 19. Nf4 Bxd4 20. Qg3 Bxc5 21. bxc5 Qc8 22. h3 g5 23. hxg4 gxf4 24. Qxf4 Qe6 25. Bf5 Qf6 26. Rfd1 Ra7 27. Rd6 Qg5 28. Qd4+ Kg8 29. Re1 Rb7 30. Re5 Qg7 31. Rd8 b4 32. Ree8 Nd7 33. Rxd7 Qxd4 34. Rxf8+ Kxf8 35. Rxd4 b3 36. Rd6 b2 37. Bb1 Rb4 38. Rxc6 Rc4 39. Kh2 Rc1 40. Bf5 b1=Q 41. Bxb1 Rxb1 42. Rxa6 Rb5 43. c6 Rc5 44. Rb6 1-0

[Event "Mitropa-Cup"]
[Site "Brno"]
[Date "1991.??.??"]
[Round "5"]
[White "Bischoff, Klaus"]
[Black "Brestian, Egon"]
[Result "1/2-1/2"]
[WhiteElo "2510"]
[BlackElo "2475"]
[PlyCount "51"]
[EventDate "1991.10.??"]
[Source "ChessBase"]

1. d4 d5 2. c4 e6 3. Nc3 Nf6 4. cxd5 exd5 5. Bg5 c6 6. e3 Bf5 7. Qb3 Qb6 8. Qxb6 axb6 9. Bxf6 gxf6 10. Kd2 b5 11. Bd3 Bxd3 12. Kxd3 Nd7 13. Nf3 Nb6 14. Nh4 Nc4 15. b3 Nd6 16. a4 b4 17. Ne2 Kd7 18. f3 f5 19. Ng3 Rg8 20. Nhxf5 Nxf5 21. Nxf5 Rxg2 22. Rag1 Rb2 23. Rb1 Rf2 24. Rbf1 Rb2 25. Rb1 Rf2 26. Rbf1 1/2-1/2

[Event "Tch-RUS (club) (1 liga)"]
[Site "Sochi"]
[Date "2004.04.22"]
[Round "3.10"]
[White "Kryakvin, Dmitry"]
[Black "Savchenko, Boris"]
[Result "1/2-1/2"]
[WhiteElo "2471"]
[BlackElo "2510"]
[PlyCount "53"]
[EventDate "2004.04.20"]
[Source "Roberto Alvarez"]
[SourceDate "2004.05.03"]

1. d4 d5 2. c4 e6 3. Nc3 Nf6 4. cxd5 exd5 5. Bg5 c6 6. e3 Bf5 7. Qf3 Bg6 8. Bxf6 gxf6 9. Nge2 Qb6 10. O-O-O Nd7 11. h4 h5 12. Nf4 Bb4 13. Nxg6 fxg6 14. Bd3 f5 15. Ne2 O-O-O 16. Nf4 Rhg8 17. Kb1 Kb8 18. Rc1 Bd6 19. Rc2 Nf6 20. Ne6 Rde8 21. Nc5 Rg7 22. Rhc1 Ne4 23. Bxe4 dxe4 24. Qh3 Qb5 25. g3 b6 26. Nb3 Rc8 27. Qf1 1/2-1/2